000 00487 a2200193 4500
005 20240521145659.0
010 _aB-759144
020 _a9789354716454
_c299.00
035 _aB-759144
037 _bGift
082 _aS
100 _aMara, Maddy
_966647
245 _aDragon Games/
_cMaddy Mara
260 _aNew York
_bScholastic Inc.
_c2023
270 _aNew York
_bNew York
300 _a138 p.
_c19 cm(Hb)
942 _adpl
_cCH
_2ddc
_hS
_mMAR
999 _c203109
_d203109